000 00791nam a22002415i 4500
001 156481
003 ES-MaACL
005 20250809025046.0
008 150120s2007 sp |||| | spa d
020 _a978-84-8456-798-1
080 _a341.1/.8
100 1 _aRemiro Brotóns, Antonio.
_996134
245 1 0 _aDerecho internacional /
_cAntonio Remiro Brotóns ; Rosa Riquelme Cortado ... [et al.].
260 _aValencia :
_bTirant lo Blanch,
_c2007.
300 _a1382 p. ;
_c25 cm.
490 1 _aManuales
504 _aBibliografía: p. [1313]-1332. Índices.
650 0 7 _aDerecho internacional público
_2embne
_911723
830 0 _aManuales
_9178657
852 _aES-MaACL
_jA-13323
_9162243
_bR.150267
_cDEPO1
_dOlim: N-6323
942 _2udc
_cMONOGRAFIA
999 _c156481
_d156481